Cities Founded by the Greeks - Statistics

General Stats
  • This quiz has been taken 25 times
    4 since last reset
  • The average score is 5 of 9
Answer Stats
Population City % Correct
15,350,000 Istanbul (Byzantion)
100%
5,350,000 Alexandria
75%
870,000 Marseille (Massalía)
75%
900,000 Naples (Neápolis)
75%
2,950,000 Izmir (Smyrna)
50%
350,000 Nice (Nikaia)
25%
1,000,000 Odessa (Odissós)
25%
320,000 Varna (Odessos)
25%
850,000 Benghazi (Euesperides/Hesperis)
0%
No matching quizzes found
Score Distribution
Percent of People with Each Score
Percentile by Number Answered
Your Score History
You have not taken this quiz since the last reset